000 01710nam a2200253Ia 4500
001 23266
003 GE_BSU
008 181216s||||||||xx |||||||||||||| ||und||
040 _cGE_BSU
080 _a94(479.22)"16"(093უცხ.)+910.4(479.22)
245 _aევლია ჩელების "მოგზაურობის წიგნი". ტ. 2. ნაკვ. 1. ქართული თარგმანი.
245 _cთურქულიდან თარგმნა, კომენტარები და გამოკვლევა დაურთო გ. ფუთურიძემ ; მთ. რედაქცია: ი. აბულაძე, ვლ. ფუთურიძე, ს. ყაუხჩიშვილი და სხვ
250 _aსაქ. სსრ მეცნ. აკად. საქ. შესახებ არსებ. უცხოური წყაროების კომისია
260 _aთბილისი
260 _bმეცნიერება
260 _c1971
300 _a448 გვ. 22სმ.
520 _aპარალ. სათ. რუს. და ფრანგ.ენ.
541 _h5 ლ.
653 _aევლია ჩელების "მოგზაურობის წიგნი". ტ.2. ნაკვ. 1. ქართული თარგმანი.
653 _aთურქული წყაროები; მოგზაურობა საქართველოში;
653 _aსაქართველოს ისტორია. XVII ს. უცხოური წყაროები; თურქი მოგზაურები;
942 _cBK
999 _c56165
_d56165